Object oriented analysis and design:Understanding system development with UML 2.0 (Record no. 32878)
[ view plain ]
| 000 -LEADER | |
|---|---|
| fixed length control field | 00395nam a2200157Ia 4500 |
| 082 ## - DEWEY DECIMAL CLASSIFICATION NUMBER | |
| Classification number | 5.11 |
| Item number | DOC |
| 100 ## - MAIN ENTRY--PERSONAL NAME | |
| Personal name | Docherty/Mike O |
| 245 ## - TITLE STATEMENT | |
| Title | Object oriented analysis and design:Understanding system development with UML 2.0 |
| 260 ## - PUBLICATION, DISTRIBUTION, ETC. | |
| Name of publisher, distributor, etc. | Wiley |
| Date of publication, distribution, etc. | 2009 |
| 366 ## - TRADE AVAILABILITY INFORMATION | |
| Publishers's discount category | 25 |
| 300 ## - PHYSICAL DESCRIPTION | |
| Extent | 559 |
| 546 ## - LANGUAGE NOTE | |
| Language note | ENGLISH |
| 650 ## - SUBJECT ADDED ENTRY--TOPICAL TERM | |
| Topical term or geographic name entry element | Object oriented |
| 654 ## - SUBJECT ADDED ENTRY--FACETED TOPICAL TERMS | |
| Focus term | object oriented analysis |
| 942 ## - ADDED ENTRY ELEMENTS (KOHA) | |
| Koha item type | BOOK |
| Withdrawn status | Lost status | Damaged status | Not for loan | Collection | Home library | Current library | Date acquired | Source of acquisition | Cost, normal purchase price | Inventory number | Total Checkouts | Full call number | Barcode | Date last seen | Cost, replacement price | Price effective from | Koha item type |
|---|---|---|---|---|---|---|---|---|---|---|---|---|---|---|---|---|---|
| CRC | Fr. Agnel's C.Rodrigues College of Engineering | Fr. Agnel's C.Rodrigues College of Engineering | 17/03/2023 | Dharma Enterprises | 246.75 | 1846 dt 24/08/2009 | 5.11 DOC | 20003 | 17/03/2023 | 329.00 | BOOK | ||||||
| CRC | Fr. Agnel's C.Rodrigues College of Engineering | Fr. Agnel's C.Rodrigues College of Engineering | 17/03/2023 | Dharma Enterprises | 246.75 | 1846 dt 24/08/2009 | 5.11 DOC | 20004 | 17/03/2023 | 329.00 | BOOK | ||||||
| CRC | Fr. Agnel's C.Rodrigues College of Engineering | Fr. Agnel's C.Rodrigues College of Engineering | 17/03/2023 | Dharma Enterprises | 246.75 | 1846 dt 24/08/2009 | 5.11 DOC | 20005 | 17/03/2023 | 329.00 | BOOK | ||||||
| CRC | Fr. Agnel's C.Rodrigues College of Engineering | Fr. Agnel's C.Rodrigues College of Engineering | 17/03/2023 | Dharma Enterprises | 246.75 | 1846 dt 24/08/2009 | 5.11 DOC | 20006 | 17/03/2023 | 329.00 | BOOK | ||||||
| CRC | Fr. Agnel's C.Rodrigues College of Engineering | Fr. Agnel's C.Rodrigues College of Engineering | 17/03/2023 | Dharma Enterprises | 246.75 | 1846 dt 24/08/2009 | 5.11 DOC | 20007 | 17/03/2023 | 329.00 | BOOK | ||||||
| CRC | Fr. Agnel's C.Rodrigues College of Engineering | Fr. Agnel's C.Rodrigues College of Engineering | 17/03/2023 | Dharma Enterprises | 246.75 | 1846 dt 24/08/2009 | 5.11 DOC | 20008 | 17/03/2023 | 329.00 | BOOK | ||||||
| CRC | Fr. Agnel's C.Rodrigues College of Engineering | Fr. Agnel's C.Rodrigues College of Engineering | 17/03/2023 | Dharma Enterprises | 246.75 | 1846 dt 24/08/2009 | 5.11 DOC | 20009 | 17/03/2023 | 329.00 | BOOK | ||||||
| CRC | Fr. Agnel's C.Rodrigues College of Engineering | Fr. Agnel's C.Rodrigues College of Engineering | 17/03/2023 | Dharma Enterprises | 246.75 | 1846 dt 24/08/2009 | 5.11 DOC | 20010 | 17/03/2023 | 329.00 | BOOK | ||||||
| CRC | Fr. Agnel's C.Rodrigues College of Engineering | Fr. Agnel's C.Rodrigues College of Engineering | 17/03/2023 | Dharma Enterprises | 246.75 | 1846 dt 24/08/2009 | 5.11 DOC | 20011 | 17/03/2023 | 329.00 | BOOK | ||||||
| CRC | Fr. Agnel's C.Rodrigues College of Engineering | Fr. Agnel's C.Rodrigues College of Engineering | 17/03/2023 | Dharma Enterprises | 246.75 | 1846 dt 24/08/2009 | 5.11 DOC | 20012 | 17/03/2023 | 329.00 | BOOK |